Writing an applied linguistics thesis or dissertation : (رقم التسجيلة. 14348)
[ عرض عادي ]
| 000 -الفاتح | |
|---|---|
| حقل البيانات ثابتة الطول | 01084cam a2200349 a 4500 |
| 001 - رقم الضبط | |
| رقم الضبط | ocn317926633 |
| 003 - محدد رقم الضبط | |
| رقم الضبط | OCoLC |
| 005 - وقت وتاريخ اخر تعامل مع التسجيلة | |
| رقم الضبط | 20150408113919.0 |
| 008 - عناصر البيانات ثابتة الطول - معلومات عامة | |
| حقل البيانات ثابتة الطول | 090731s2010 enka b 000 0 eng |
| 020 ## - الرقم الدولى المعيارى للكتب | |
| الرقم الدولى المعيارى للكتاب | 9780230224544 (pbk.) |
| 020 ## - الرقم الدولى المعيارى للكتب | |
| الرقم الدولى المعيارى للكتاب | 0230224547 (pbk.) |
| 035 ## - رقم ضبط النظام | |
| رقم ضبط النظام | (OCoLC)317926633 |
| 040 ## - مصدر الفهرسة | |
| وكالة الفهرسة الأصلية | UKM |
| وكالة النسخ | UKM |
| وكالة التعديل | BTCTA |
| -- | YDXCP |
| -- | BWKUK |
| -- | BWK |
| -- | UV0 |
| -- | BWX |
| -- | NYP |
| 049 ## - المجموعات المحلية (OCLC) | |
| مكتبة المقتنيات | NYPP |
| 050 #4 - رقم طلب مكتبة الكونجرس | |
| رقم التصنيف | LB2369 |
| رقم المادة | .B58 2010 |
| 082 04 - رقم تصنيف ديوى العشرى | |
| رقم التصنيف | 808.06641 |
| رقم الطبعة | 22 |
| رقم المادة | BJW |
| 091 ## - موقع الميكروفيلم على الرف - مهمل | |
| موقع ترفيف الميكروفيلم | 808.0664 |
| 100 1# - المدخل الرئيسى - إسم شخصى | |
| الإسم الشخصى | Bitchener, John. |
| 9 (RLIN) | 4206 |
| 245 10 - بيان العنوان | |
| العنوان | Writing an applied linguistics thesis or dissertation : |
| بقية العنوان | a guide to presenting empirical research / |
| بيان المسئوليه,etc | John Bitchener. |
| 260 ## - PUBLICATION, DISTRIBUTION, ETC. (IMPRINT) | |
| مكان الناشر او الموزع | Basingstoke, UK ; |
| -- | New York : |
| اسم الناشر او الموزع | Palgrave Macmillan, |
| تاريخ النشر أو التوزيع | 2010. |
| 300 ## - الوصف المادى | |
| التعداد | xi, 216 p. : |
| تفاصيل ماديه اخرى للوعاء | ill. ; |
| أبعاد الوعاء | 23 cm. |
| 504 ## - تبصرة ببليوجرافية | |
| تبصرة ببليوجرافية,الخ | Includes bibliographical references. |
| 650 #0 - المدخل الاضافى بالموضوع-مصطلح موضوعى | |
| مصطلح موضوعي أو اسم جغرافي كعنصر مدخل | Dissertations, Academic. |
| 9 (RLIN) | 4276 |
| 650 #0 - المدخل الاضافى بالموضوع-مصطلح موضوعى | |
| مصطلح موضوعي أو اسم جغرافي كعنصر مدخل | Academic writing. |
| 9 (RLIN) | 4072 |
| 650 #0 - المدخل الاضافى بالموضوع-مصطلح موضوعى | |
| مصطلح موضوعي أو اسم جغرافي كعنصر مدخل | Linguistics. |
| 901 ## - عنصر بيانات محلىA, LDA (RLIN) | |
| a | BTCLSD101020B |
| 901 ## - عنصر بيانات محلىA, LDA (RLIN) | |
| a | rbf |
| b | CMC |
| c | CATBL |
| 901 ## - عنصر بيانات محلىA, LDA (RLIN) | |
| a | MARS |
| 908 #4 - ضع فاص الحقل(RLIN) | |
| Put command parameter | LB2369 |
| 942 ## - عناصر المدخل الإضافي( كوها) | |
| مصدر التصنيف او مخطط الترفيف | Dewey Decimal Classification |
| Koha [default] item type | DVD |
| 945 ## - معلومات معالجة محلية(OCLC) | |
| a | .o13003446 |
| حالة الفقد | نموذج السعر الفعال | حالة تلف | ليس للاعارة | رقم الطلب | تاريخ الاكتساب | الموقع الحالي | الباركود | الفرع الرئيسي | Date last seen | نوع المادة فى نظام كوها | مصدر التصنيف او خطة الترفيف | Total Checkouts |
|---|---|---|---|---|---|---|---|---|---|---|---|---|
| 2013-03-10 | 808.06641 BJW | 2011-09-11 | قسم الاجراءات الفنية (IC) | 00101557 | قسم الاجراءات الفنية (IC) | 2013-03-10 | كتاب | Dewey Decimal Classification | ||||
| 2013-03-10 | 808.06641 BJW | 2011-09-11 | قسم الاجراءات الفنية (IC) | 00101556 | قسم الاجراءات الفنية (IC) | 2013-03-10 | كتاب | Dewey Decimal Classification |
